Los amantes de Estocolmo
Salvato in:
| Autore principale: | |
|---|---|
| Natura: | Libro |
| Lingua: | spagnolo |
| Pubblicazione: |
Santiago
Planeta Chilena
2003
|
| Soggetti: | |
| Tags: |
Aggiungi Tag
Nessun Tag, puoi essere il primo ad aggiungerne!!
|
MARC
| LEADER | 00000nam a2200000 a 4500 | ||
|---|---|---|---|
| 001 | UCL3659 | ||
| 003 | CL-VaPUC | ||
| 008 | 031205e20030000CL |||||||||||||||||spa|d | ||
| 020 | |a 9562473236 | ||
| 082 | 0 | 4 | |a Ch863 |b AMP |2 21 |
| 100 | 0 | |a Ampuero, Roberto |e author |9 481013 | |
| 245 | 1 | 4 | |a Los amantes de Estocolmo |
| 300 | |a 307 p | ||
| 942 | |c BK | ||
| 945 | |d 20031205 00:00:00 |a cmena | ||
| 260 | |a Santiago |b Planeta Chilena |c 2003 | ||
| 650 | 0 | |a Novelas chilenas |9 265425 | |
| 650 | 0 | |a Novelas policiales |9 460128 | |
| 650 | 0 | |a Literatura chilena |9 308278 | |
| 583 | |a last modification |c 20031205 00:00:00 |k Rodrigo Vera | ||
| 999 | |c 306674 |d 306672 | ||